00806nam a22002412i 450000100060000000300110000600500170001700800410003402000150007503500200009004000230011004100080013308200190014110000280016024500570018826000640024530000320030950400380034165000220037994200120040199900170041395201340043042534(BD-RJUL) 20211209053545.0160613s1977 enkab b 001 0 eng d a0434911496 a(BD-RJUL) 42652 aDLCcDLCdEQObeng aeng a330bLIM 1977 1 aLivesey, Frank.913081312aA modern approach to economics /c[by] Frank Livesey aLondon :bHeinemann [for] the Institute of Marketing,c1977 ax, 271 p. :bill. ;c23 cm. aIncludes bibliographies and index 0aEconomics9130814 2ddccBK c42534d42534 00102ddc40708NFICaRUCLbRUCLcStackd1984-05-02eBritish Council l0o330 LIM 1977r2016-06-13 00:00:00tC-2w2016-06-13yBK